| 000 | 01120nam a22002537a 4500 | ||
|---|---|---|---|
| 001 | 76248 | ||
| 003 | BD-RjUL | ||
| 005 | 20211209082820.0 | ||
| 008 | 191117s2019 bg ||||| |||| 00| 0 ben d | ||
| 020 | _a9847012007143 | ||
| 035 | _a(BD-RjUL)76469 | ||
| 040 |
_aBD-RjUL _beng _cBD-RjUL |
||
| 041 | _aeng | ||
| 082 |
_223 _a954.9205092 _bRAJ 2019 |
||
| 100 |
_aরাজ্জাক, মানিক মোহাম্মদ _9234981 |
||
| 245 |
_aজনকের প্রতিবাদী জীবন : _bকিছু কথা কিছু ঘটনা / _cমানিক মোহাম্মদ রাজ্জাক |
||
| 260 |
_aঢাকা : _bকথা প্রকাশ, _c২০১৯ |
||
| 300 |
_a৫৭৫ পৃ. ; _c২২ সেমি. |
||
| 504 | _aবিবলিওগ্রাফি অন্তর্ভূক্ত। | ||
| 600 |
_aMujibur Rahman, _cSheikh, _d1920-1975 _xBiography _9235341 |
||
| 600 |
_aমুজিবুর রহমান, _cশেখ, _y১৯২০-১৯৭৫ _zজীবনী _9235342 |
||
| 650 |
_aEx-presidents _zBangladesh _vBiography _9234972 |
||
| 942 |
_2ddc _cBK |
||
| 999 |
_c76248 _d76248 |
||